• 首页
  • 本馆介绍
  • 公告通知
  • 最新文献
  • 馆藏检索
  • 电子资源
  • 读者导购
  • 参考咨询
  • 我的图书馆
  • 登录
  • 详细信息显示
  • 放入我的书架
  • 预约/预借图书
  • 作者相关作品
  • 分类相关作品
  • 丛书相关作品
  • 出版社相关作品

书目信息

  • 表格格式
  • 工作单格式
  • 卡片格式
题名:
解剖组胚学
    
 
作者: 马占林 , 桂勤 主编
分册: 下册  
出版信息: 北京   科学出版社  2008
页数: 147页
开本: 28cm
丛书名:
单 册:
中图分类: R32
科图分类:
主题词: 人体解剖学--医学院校--教材 , 人体组织学--医学院校--教材 , 人体胚胎学--医学院校--教材 , 人体解剖学 , 人体组织学 , 人体胚胎学
电子资源:
ISBN: 978-7-03-020885-9
000 01141nam0 2200325 450
001 012015000669
005 20150914160559.59
010    @a978-7-03-020885-9@dCNY20.00
100    @a20080523d2008 em y0chiy50 ea
101 0  @achi
102    @aCN@b110000
105    @aa z 000yy
106    @ar
200 1  @a解剖组胚学@Ajie pou zu pei xue@h下册@f马占林,桂勤主编
205    @a2版
210    @a北京@c科学出版社@d2008
215    @a147页@c图@d28cm
300    @a教育部职业教育与成人教育司推荐教材 全国卫生职业院校规划教材 供高职(五年制)护理、涉外护理、助产、检验、药学、药剂、卫生保健、康复、口腔医学、口腔工艺技术、社区医学、眼视光、中医、中西医结合、影像技术等专业使用
330    @a本书讲述了脉管系统、感觉系统、神经系统及胚胎学概要,并附有实习指导。
606 0  @a人体解剖学@x医学院校@j教材
606 0  @a人体组织学@x医学院校@j教材
606 0  @a人体胚胎学@x医学院校@j教材
606 0  @a人体解剖学
606 0  @a人体组织学
606 0  @a人体胚胎学
690    @aR32@v5
701  0 @a马占林@Ama zhan lin@f(1953~)@4主编
701  0 @a桂勤@Agui qin@4主编
801  0 @aCN@b碧洲教育@c20150718
905    @a10447@f4@dR32@e232=2
    
    解剖组胚学.下册/马占林,桂勤主编.-2版.-北京:科学出版社,2008
    147页:图;28cm
    教育部职业教育与成人教育司推荐教材 全国卫生职业院校规划教材 供高职(五年制)护理、涉外护理、助产、检验、药学、药剂、卫生保健、康复、口腔医学、口腔工艺技术、社区医学、眼视光、中医、中西医结合、影像技术等专业使用
    
    ISBN 978-7-03-020885-9:CNY20.00
    本书讲述了脉管系统、感觉系统、神经系统及胚胎学概要,并附有实习指导。
●
相关链接 在E读中查询图书 在五车中查询图书 在当当中查询图书 在豆瓣中查询图书


正题名:解剖组胚学     索取号:R32/232=2         预约/预借

序号 登录号 条形码 馆藏地/架位号 状态 备注
1 0848499   208484996   第二样本阅览室/ [索取号:R32/232=2] 在馆    
2 0848500   208485003   第三借阅区/ [索取号:R32/232=2] 在馆    
3 0848501   208485012   密集书库-生命科学系/ [索取号:R32/232=2] 在馆    
4 0848502   208485021   第三借阅区/ [索取号:R32/232=2] 在馆    
唐山师范学院图书馆 欢迎您!
大连网信软件有限公司© 版权所有